000 00754nam a2200253Ia 4500
003 OSt
005 20220927114156.0
006 a|||||r|||| 00| 0
007 ta
008 220926b |||||||| |||| 00| 0 eng d
024 _a98251
037 _cTextbook
040 _aRTL
_cRTL
_beng
041 _2eng
_aeng
082 _a"Y33.64.N8, M7/TD1"
100 _aMitchell J Clyde
_9386900
245 0 _a"Cities, society, and social perception"
_bA Central
260 _aOxford
_bClarendon Press
_c1987
300 _a"xxiii,336p"
_ccm.
500 _aBibliography: P 317-331; Appendix: P 314-316
650 _aUrban Sociology
942 _h"Y33.64.N8, M7/TD1"
_cCC
999 _c702851
_d702851